La Famiglia e i suoi soggetti temi giuridici /

Bibliographic Details
Other Authors: Lo Giacco, Maria Luisa (ed. lit)
Format: Unknown
Language:Italian
Published: Bari : Cacucci, 2008
Subjects:
Online Access:Acceso restringido

MARC

LEADER 00000ny a22000003n 4500
005 20110621142349.0
008 090720s2008 it 000 0 ita d
020 |a 9788884226976 
035 |a 4673 
040 |a BUV.  |d vLex 
090 |c 965  |d 965 
245 0 3 |a La Famiglia e i suoi soggetti  |h [Recurso electrn̤ico]  |b temi giuridici /  |c a cura di Maria Luisa Lo Giacco 
256 |a Servicio en ln̕ea 
260 |a Bari :  |b Cacucci,  |c 2008 
300 |a 166 p. ;  |c 22 cm 
650 0 4 |a Educacin̤ religiosa 
650 0 4 |a Familia  |x Derecho cann̤ico 
700 1 |a Lo Giacco, Maria Luisa,   |e ed. lit 
740 0 |a vLex Libros (Servicios en ln̕ea) 
856 4 0 |u http://vlex.com/source/4673  |z Acceso restringido 
942 |c BOOK 
999 1 6 |a Educacin̤ religiosa 
999 1 6 |a Familia-